000 00647nam a2200229Ia 4500
008 191130s2001##################000#0#eng##
020 _a9780743226271
022 _a2001049582
040 _aACL
_cACL
082 _a641.5945 IAN
100 _aIannuzzi, Joseph
245 _aThe mafia cookbook
_cJoseph "Joe Dogs" Iannuzzi
250 _aRev. and expanded [ed.]
260 _aNew York
_bSimon & Schuster
_cc2001
300 _a252 p. : ill. ; 20 cm
650 _aCooking, Italian
650 _aInternational cooking
650 _aMafia - United States
990 _a73531b91ac10000c4504a26a13b7130a
991 _a315002
999 _c57651
_d57651